000 00652nam a2200205 a 4500
001 BRCA_8118
005 20190320210135.0
008 090414s1965----sz-a###f##---#001-0#ger-#
041 _ager
044 _asz
050 4 _aNK5004
_b.EM53
_c1965
245 1 0 _aEmail, goldschmiede und metallarbeiten
_beuropaisches mittelalter
_cSammlung E. und M. Koefler-Truniger Luzern.
260 _aStuttgart (Alemania)
_bRäber
_c1965
300 _a55 p.
_bil., (algunas a color) 92 láminas
_c31 cm.
500 _aY182
650 1 4 _aEsmaltes
_zEuropa
_920212
650 1 4 _aOrfebrería
_vColeccionistas y colecciones
_zEuropa
_920213
902 _aGFM
942 _2lcc
_cB
999 _c7786
_d7786